Responses for Show #7730 - Friday, March 30, 2018

Contestants

[<< previous game]

Tyler Morrison, a graduate student from Vienna, West Virginia

Jen Simons, a Ph.D. candidate from Charlottesville, Virginia

Emily Milan, a nanny from Birmingham, Michigan (whose 2-day cash winnings total $35,201)

[next game >>]

Jeopardy! Round responses

WORD PUZZLES
EUROPEAN CITIES
PRO BASEBALL TEAMS
HISTORIC FILL IN THE QUOTE
R.C.
COLA
    $200 11
their head is in the clouds

Tyler
    $200 6
Portugal

Jen
    $200 1
[ERRATUM: The Rays started play in 1998.]

the (Tampa Bay) Rays

Emily
    $200 16
return

Jen
    $200 18
Raul Castro

Jen
    $200 26
(Alex: With less than a minute.)

Coca-Cola

Jen
    $400 12
(Emily: What is three degrees--three degrees above zero? [*]?)

two degrees above zero

Emily
    $400 7
Prague

Triple Stumper
    $400 2
the Orioles

Jen
    $400 17
shoulders

Emily
    $400 19
Russell Crowe

Emily
    $400 27
caffeine

Jen
    $600 13
put two and two together

Triple Stumper
    $600 8
(Oskar) Schindler

Jen
    $600 3
the Dodgers

Emily
    $2,200 23
(Jen: What is fascism?)

an iron curtain

Jen
    $600 20
Ray Charles

Jen
    $600 30
(Jen: What is Club-Mate?)
(Tyler: What is Mountain Dew?)

Jolt Cola

JenTyler
Triple Stumper
    $800 14
walking on water

Tyler
    $800 9
Frankfurt

Jen
    $800 4
the Washington Nationals

Jen
    $800 24
democracy

Emily
    $800 21
Robert Crumb

Triple Stumper
    $800 29
Shasta

Jen
    $1000 15
international relations

Triple Stumper
    $1000 10
Ghent

Jen
    $1000 5
the San Diego Padres

Jen
    $1000 25
Nixon

Triple Stumper
    $1000 22
Raymond Carver

Triple Stumper
    $1000 28
cinnamon

Emily

Scores at the first commercial break (after clue 15):

Emily Jen Tyler
$1,200 $4,800 $1,000

Scores at the end of the Jeopardy! Round:

Emily Jen Tyler
$3,800 $4,400 $400

Double Jeopardy! Round responses

PLAYING THE PALLADIUM
EXTINCT PEOPLES
IT ALL STARTS WITH "U"
ODD-TITLED TOP 40 HITS
LITERARY LOVE TRIANGLES
NEW CAREERS!
    $400 26
platinum

Tyler
    $400 8
the Inca

Tyler
    $400 1
U-boats

Emily
    $400 6
Champagne

Triple Stumper
    $400 13
Scarlett O'Hara

Emily
    $400 18
a coach

Jen
    $800 27
the automotive industry

Tyler
    $800 9
Pensacola

Emily
    $800 2
ultimate Frisbee

Emily
    $800 7
The Carpenters

Triple Stumper
    $800 14
Bella Swan

Emily
    $800 19
solar power

Tyler
    $1200 28
the prostate

Tyler
    $1200 23
the Indian Ocean

Triple Stumper
    $1200 3
utilities

Tyler
    $1200 10
cake

Jen
    $1200 15
Buttercup

Emily
    $1200 20
augmented reality

Tyler
    $500 29
(Tyler: What is Nevada?)

Montana

Tyler
    $1600 24
the Roman empire

Triple Stumper
    $1600 4
an ulster

Triple Stumper
    $1600 11
Bone Thugs-N-Harmony

Emily
    $1600 16
Heathcliff

Emily
    $1600 21
senior or elder care

Triple Stumper
    $2000 30
(Jen: What is a battery?)

a capacitor

JenTyler
    $2000 25
Newfoundland

Tyler
    $2000 5
the Utes

Jen
    $2000 12
Cheech and Chong

Triple Stumper
    $3,000 17
(Emily: I don't know.)
(Alex: It's a Hemingway work. [*].)

The Sun Also Rises

Emily
    $2000 22
compliance

Tyler

Scores at the end of the Double Jeopardy! Round:

Emily Jen Tyler
$8,400 $6,000 $11,900

[wagering suggestions for these scores]

Final Jeopardy! Round responses

U.S. STATE HISTORY
(Alex: Grant was president in the 1870s. This state joined in 1876. It is called the Centennial State.)
JenWhat is Utah New Mexico?
$6,000
EmilyWhat is Colorado?
$1,400
TylerWhat is Nevada?
$4,901
Colorado

Final scores:

Emily Jen Tyler
$9,800 $0 $6,999
3-day champion: $45,001 3rd place: $1,000 2nd place: $2,000

Game dynamics:

Coryat scores:

Emily Jen Tyler
$11,400 $8,200 $12,400
15 R,
1 W
(including 1 DD)
16 R,
3 W
(including 1 DD)
12 R,
2 W
(including 1 DD)

Combined Coryat: $32,000

[game clues] [game scores] [suggest correction]

Game tape date: 2018-01-16
The J! Archive is created by fans, for fans. Scraping, republication, monetization, and malicious use prohibited; this site may use cookies and collect identifying information. See terms. The Jeopardy! game show and all elements thereof, including but not limited to copyright and trademark thereto, are the property of Jeopardy Productions, Inc. and are protected under law. This website is not affiliated with, sponsored by, or operated by Jeopardy Productions, Inc. Join the discussion at JBoard.tv.